000 003830000a22001570004500
020 _a0-8006-2726-1
041 0 _aENG
082 0 4 _aR 264 S4781c
100 1 _aSenn, Frank C.
245 1 0 _aChristian liturgy : Catholic and Evnagelical / Frank C. Senn
260 _aMinneapolis : Fortress
300 _a748 Pag.
650 1 4 _aCULTO PUBLICO \ LITURGIA
001 287
942 _cBK
999 _c31823
_d31823